Identify the Language on the World Map #2 - Statistics

General Stats
  • This quiz has been taken 25,960 times
  • The average score is 8 of 18
Answers on the Map
Answers color-coded by a green-red scale on the quiz's map according to % correct below.
 
Answer Stats
Answer % Correct
Next week, I will play the accordion at the concert in Vienna.
92%
Na próxima semana tocarei acordeão no concerto em Viena.
75%
Nästa vecka ska jag spela dragspel på konserten i Wien.
62%
Tuần tới tôi sẽ chơi đàn accordion tại buổi hòa nhạc ở Vienna.
60%
Yr wythnos nesaf byddaf yn chwarae'r acordion yn y cyngerdd yn Fienna.
58%
Volgende week speel ek trekklavier by die konsert in Wene.
55%
Příští týden budu hrát na akordeon na koncertě ve Vídni.
49%
Jövő héten a bécsi koncerten harmonikán fogok játszani.
48%
Tin epómeni evdomáda tha paíxo akornteón sti synavlía sti Viénni.
47%
Săptămâna viitoare voi cânta la acordeon la concertul de la Viena.
46%
Hei te wiki e tu mai ne ka purei ahau i te accordion i te konohete i Vienna.
37%
Sa susunod na linggo ay tutugtog ako ng akurdyon sa konsiyerto sa Vienna.
31%
Arkō haptā ma bhiyanāmā kansarṭamā ēkarḍiyan bajā'unēchu.
29%
Amin'ny herinandro manaraka dia hilalao ni akorandriaka aho amin'ny kafampisehoana any Vienne.
28%
Il-ġimgħa d-dieħla se ndoqq l-accordion fil-kunċert fi Vjenna.
27%
Toddobaadka soo socda waxaan ku ciyaari doonaa accordion riwaayadda bandhiga Vienna.
27%
Irekh doloo khonogt bi Vyena khotod bolokh kontsyertondoo bayan khuur toglono.
26%
Vaccē vāraṁ nēnu viyannālō jarigē kacērīlō akārḍiyan vāyistānu..
21%
No matching quizzes found
Score Distribution
Percent of People with Each Score
Percentile by Number Answered
Your Score History
You have not taken this quiz